000 01162nam a2200337 a 4500
001 000005977
003 DO-SdBNP
005 20251027102923.0
007 ta
008 090825s1996 dr 000 0 spa d
020 _a8492184507
040 _aDO-SdBNP
_bspa
_cBNPHU
082 _a303.4
_bC277f
245 0 3 _aEl Caribe frente a los retos de la globalización /
_cPavel Isa Contreras ... [et al.].
260 _aSanto Domingo, :
_bFLACSO,
_c1996.
300 _a86 p. ;
_c28 cm.
504 _aIncluye referencias bibliográficas y notas al pie de las páginas
504 _aIncluye bibliografías
650 4 _aPolítica fiscal
_zCaribe (Región{Rpara}
_916844
650 4 _aMujeres en el caribe
_916845
650 4 _aGlobalización
_91524
651 0 _aCaribe (Región)
_xPolítica económica
_987401
651 4 _aCaribe (Región)
_xEmigración e inmigración
_987401
700 1 _aBueno, Lourdes
_916847
700 1 _aDore y Cabral, Carlos
_96975
700 1 _aLevy, Horace
_916848
700 1 _aV. Liriano, Alejandra
_916849
700 1 _aManigar, Sabine
_916850
710 1 _aFacultad Latinoamericana de Ciencias Sociales
_9294
942 _2ddc
_cLBS1
999 _c5773
_d5773